El estatuto jurd̕ico de las Fuerza Armadas espaǫlas en el exterior

Detalles Bibliográficos
Autor principal: Liǹ̨ Nogueras, Diego J.
Otros Autores: Roldǹ Barbero, Javier (coaut.)
Formato: Desconocido
Lenguaje:español
Publicado: Espaą : Plaza y Valdš Editores, 2009
Materias:
Acceso en línea:Acceso restringido

MARC

LEADER 00000ny a22000003n 4500
005 20110623162926.0
008 100324s sp 000 0 spa d
020 |a 9788496780491 
035 |a 4676 
040 |a BUS  |d vlex 
090 |c 1199  |d 1199 
100 1 |a Liǹ̨ Nogueras, Diego J. 
245 1 3 |a El estatuto jurd̕ico de las Fuerza Armadas espaǫlas en el exterior  |h [Recurso electrn̤ico]  |c Diego J. Liǹ̨ Nogueras ; Javier Roldǹ Barbero  
256 |a Servicio en ln̕ea 
260 |a Espaą :  |b Plaza y Valdš Editores,  |c 2009 
300 |a v. 
506 1 |a Contenido solo disponible en los productos indicados  |d vLex Global  |d vLex Global (Academic Edition, excluding Law Schools)  |d vLex Global (U.S. Academic Edition, Law Schools)  |d vLex Global (U.S. Academic Edition, excluding Law Schools)  |d vLex Global (Academic Edition, Law Schools) 
650 0 7 |a Fuerzas armadas  |2 Tesauro vLex 
650 0 7 |a Derecho administrativo militar  |2 Tesauro vLex 
651 4 |a Espaą  |z Fuerzas Armadas 
700 1 |a Roldǹ Barbero, Javier,  |e coaut. 
740 0 |a vLex Libros (Servicios en ln̕ea) 
856 4 0 |z Acceso restringido  |u http://vlex.com/source/estatuto-juridico-fuerzas-armadas-espa-olas-en-exterior-4676 
942 |c BOOK